Nottingham Forest Biggest Transfers - Statistics

General Stats
  • This quiz has been taken 33 times
    6 since last reset
  • The average score is 103 of 168
Answer Stats
% Correct
Arrivals Wales AM 23 Andy Johnson 97/98 Norwich City €3.30m
100%
Arrivals Sweden RW 21 Anthony Elanga 23/24 Manchester United €22.93m
100%
Departures Sweden RW 23 Anthony Elanga 25/26 Newcastle United €61.40m
100%
Departures England RW 18 Arvin Appiah 19/20 Almería €8.85m
100%
Departures Chile ST 19 Ben Brereton Díaz 18/19 Blackburn Rovers €8.30m
100%
Departures Wales RW 22 Brennan Johnson 23/24 Tottenham Hotspur €55.00m
100%
Arrivals New Zealand ST 31 Chris Wood 23/24 Newcastle United €17.00m
100%
Arrivals New Zealand ST 31 Chris Wood 22/23 Newcastle United €4.50m
100%
Arrivals Brazil DM 21 Danilo Oliveira 22/23 Palmeiras €20.00m
100%
Departures Brazil DM 24 Danilo Oliveira 25/26 Botafogo €23.00m
100%
Arrivals Jamaica ST 24 David Johnson 00/01 Ipswich Town €4.50m
100%
Arrivals England CM 21 Elliot Anderson 24/25 Newcastle United €41.20m
100%
Arrivals Nigeria ST 24 Emmanuel Dennis 22/23 Watford €14.80m
100%
Arrivals Brazil CB 33 Felipe Monteiro 22/23 Atlético Madrid €2.30m
100%
Arrivals South Korea ST 29 Hwang Ui-jo 22/23 Bordeaux €4.00m
100%
Arrivals Ivory Coast DM 25 Ibrahim Sangaré 23/24 PSV €35.00m
100%
Arrivals Portugal AM 21 João Carvalho 18/19 Benfica €15.00m
100%
Arrivals England CM 23 Lewis O'Brien 22/23 Huddersfield Town €9.40m
100%
Arrivals United States GK 29 Matt Turner 23/24 Arsenal €8.15m
100%
Departures Poland RB 23 Matty Cash 20/21 Aston Villa €15.75m
100%
Arrivals Belgium GK 31 Matz Sels 23/24 Strasbourg €6.50m
100%
Arrivals Jamaica RW 24 Michail Antonio 14/15 Sheffield Wednesday €1.90m
100%
Departures Jamaica RW 25 Michail Antonio 15/16 West Ham United €9.50m
100%
Arrivals Brazil CB 23 Morato 24/25 Benfica €11.00m
100%
Arrivals England AM 22 Morgan Gibbs-White 22/23 Wolverhampton Wanderers €29.50m
100%
Arrivals Senegal CB 26 Moussa Niakhaté 22/23 Mainz €13.80m
100%
Departures Senegal CB 28 Moussa Niakhaté 24/25 Lyon €31.90m
100%
Arrivals Brazil CB 21 Murillo 23/24 Corinthians €12.00m
100%
Arrivals Wales RB 21 Neco Williams 22/23 Liverpool €20.00m
100%
Arrivals Argentina CM 25 Nicolás Domínguez 23/24 Bologna €6.65m
100%
Arrivals Serbia CB 26 Nikola Milenković 24/25 Fiorentina €12.30m
100%
Arrivals Greece GK 29 Odysseas Vlachodimos 23/24 Benfica €4.90m
100%
Departures Greece GK 30 Odysseas Vlachodimos 25/26 Newcastle United €23.60m
100%
Arrivals England LB 24 Omar Richards 22/23 Bayern Munich €8.50m
100%
Arrivals Belgium DM 24 Orel Mangala 22/23 Stuttgart €13.00m
100%
Departures Belgium DM 26 Orel Mangala 24/25 Lyon €23.40m
100%
Departures Belgium DM 25 Orel Mangala 23/24 Lyon €11.70m
100%
Arrivals Switzerland CM 30 Remo Freuler 22/23 Atalanta €8.30m
100%
Departures Switzerland CM 32 Remo Freuler 24/25 Bologna €1.90m
100%
Arrivals Brazil LB 24 Renan Lodi 22/23 Atlético Madrid €5.00m
100%
Departures Ireland DM 21 Roy Keane 93/94 Manchester United €4.40m
100%
Arrivals Trinidad & Tobago ST 23 Stern John 99/00 Columbus Crew €3.80m
100%
Arrivals Nigeria ST 24 Taiwo Awoniyi 22/23 Union Berlin €20.50m
100%
Arrivals Ivory Coast CB 31 Willy Boly 22/23 Wolverhampton Wanderers €2.60m
100%
Arrivals Algeria DM 26 Adlène Guedioura 12/13 Wolverhampton Wanderers €1.30m
75%
Departures Algeria DM 27 Adlène Guedioura 13/14 Crystal Palace €3.50m
75%
Arrivals Ireland CB 21 Andrew Omobamidele 23/24 Norwich City €12.85m
75%
Departures Ireland CB 23 Andrew Omobamidele 25/26 Strasbourg €10.50m
75%
Arrivals Greece ST 24 Apostolos Vellios 16/17 Iraklis €1.20m
75%
Departures England LM 24 Ben Osborn 19/20 Sheffield United €3.90m
75%
Arrivals Paraguay CM 21 Braian Ojeda 21/22 Olimpia €2.30m
75%
Departures Paraguay CM 23 Braian Ojeda 23/24 Real Salt Lake €3.60m
75%
Arrivals France GK 25 Brice Samba 19/20 Caen €2.10m
75%
Departures France GK 28 Brice Samba 22/23 Lens €5.00m
75%
Arrivals DR Congo ST 21 Britt Assombalonga 14/15 Peterborough United €6.90m
75%
Departures DR Congo ST 24 Britt Assombalonga 17/18 Middlesbrough €17.10m
75%
Arrivals Portugal DM 27 Cafú 20/21 Olympiacos €1.40m
75%
Arrivals England LW 22 Callum Hudson-Odoi 23/24 Chelsea €3.50m
75%
Arrivals England RB 27 Carl Jenkinson 19/20 Arsenal €2.20m
75%
Arrivals Brazil GK 25 Carlos Miguel 24/25 Corinthians €4.00m
75%
Arrivals England DM 21 Chris Bart-Williams 95/96 Sheffield Wednesday €3.75m
75%
Arrivals Wales RB 19 Chris Gunter 09/10 Tottenham Hotspur €2.00m
75%
Departures Wales RB 22 Chris Gunter 12/13 Reading €3.00m
75%
Arrivals Ireland ST 34 Daryl Murphy 17/18 Newcastle United €2.30m
75%
Arrivals Angola CB 25 David Carmo 24/25 Porto €11.00m
75%
Arrivals Antigua & Barbuda ST 23 Dexter Blackstock 09/10 Queens Park Rangers €1.80m
75%
Arrivals Germany RM 18 Eric da Silva Moreira 24/25 St. Pauli €1.50m
75%
Arrivals United States AM 21 Giovanni Reyna 23/24 Borussia Dortmund €1.00m
75%
Arrivals France RB 22 Giulian Biancone 22/23 Troyes €10.00m
75%
Departures Brazil AM 30 Gustavo Scarpa 23/24 Atlético Mineiro €5.00m
75%
Arrivals Ireland CM 30 Harry Arter 20/21 Bournemouth €5.50m
75%
Arrivals England LB 26 Harry Toffolo 22/23 Huddersfield Town €2.40m
75%
Arrivals England CM 21 Henri Lansbury 12/13 Arsenal €1.25m
75%
Departures England CM 26 Henri Lansbury 16/17 Aston Villa €3.40m
75%
Arrivals Algeria RW 30 Hillal Soudani 18/19 Dinamo Zagreb €3.00m
75%
Departures Algeria RW 31 Hillal Soudani 19/20 Olympiacos €3.00m
75%
Arrivals Brazil ST 24 Igor Jesus 25/26 Botafogo €11.60m
75%
Arrivals Brazil CB 20 Jair Cunha 25/26 Botafogo €12.00m
75%
Departures England CB 20 Jamaal Lascelles 14/15 Newcastle United €5.00m
75%
Arrivals Australia ST 21 Jason Cummings 17/18 Hibernian €1.10m
75%
Arrivals England CB 21 Jonathan Panzo 21/22 Dijon €1.70m
75%
Arrivals England DM 30 Jonjo Shelvey 22/23 Newcastle United €6.50m
75%
Arrivals England RW 23 Josh Bowler 22/23 Blackpool €2.30m
75%
Arrivals Portugal RW 25 Jota Silva 24/25 Vitória Guimarães €7.00m
75%
Departures Wales GK 23 Karl Darlow 14/15 Newcastle United €5.00m
75%
Arrivals Scotland DM 28 Liam Bridcutt 17/18 Leeds United €1.10m
75%
Arrivals France CB 19 Loïc Mbe Soh 20/21 Paris Saint-Germain €5.00m
75%
Arrivals New Zealand DM 22 Marko Stamenić 24/25 Crvena Zvezda €5.50m
75%
Arrivals Cape Verde ST 28 Nuno da Costa 19/20 Strasbourg €2.00m
75%
Arrivals Portugal LB 23 Nuno Tavares 23/24 Arsenal €1.15m
75%
Departures Scotland RW 19 Oliver Burke 16/17 RB Leipzig €15.20m
75%
Arrivals Paraguay LW 24 Ramón Sosa 24/25 Talleres €12.00m
75%
Departures Paraguay LW 25 Ramón Sosa 25/26 Palmeiras €12.50m
75%
Arrivals England ST 23 Sam Surridge 21/22 Stoke City €1.85m
75%
Departures England ST 24 Sam Surridge 23/24 Nashville €5.80m
75%
Arrivals England ST 22 Stan Collymore 93/94 Southend United €3.00m
75%
Departures England ST 24 Stan Collymore 95/96 Liverpool €13.00m
75%
Arrivals Zimbabwe RB 25 Tendayi Darikwa 17/18 Burnley €1.10m
75%
Arrivals England AM 21 Zach Clough 16/17 Bolton Wanderers €2.90m
75%
Departures Norway DM 24 Alf-Inge Haaland 97/98 Leeds United €2.40m
50%
Arrivals Italy ST 29 Andrea Silenzi 95/96 Torino €2.15m
50%
Arrivals Netherlands RW 24 Bryan Roy 94/95 Foggia €2.50m
50%
Departures Netherlands RW 27 Bryan Roy 97/98 Hertha Berlin €1.60m
50%
Departures Spain CB 27 Chema Rodríguez 19/20 Getafe €1.50m
50%
Departures England CB 26 Des Walker 92/93 Sampdoria €1.70m
50%
Departures England CB 27 Joe Worrall 24/25 Burnley €5.90m
50%
Arrivals England ST 20 Justin Fashanu 81/82 Norwich City €1.25m
50%
Arrivals England ST 25 Kevin Campbell 95/96 Arsenal €4.20m
50%
Departures England ST 28 Kevin Campbell 98/99 Trabzonspor €4.00m
50%
Arrivals Northern Ireland LM 23 Kingsley Black 91/92 Luton Town €1.80m
50%
Arrivals Jamaica ST 30 Lewis Grabban 18/19 Bournemouth €6.80m
50%
Departures England CB 21 Michael Dawson 04/05 Tottenham Hotspur €7.00m
50%
Arrivals Tunisia RB 25 Mohamed Dräger 21/22 Olympiacos €1.00m
50%
Departures England AM 27 Nigel Clough 93/94 Liverpool €2.75m
50%
Departures England ST 18 Patrick Bamford 11/12 Chelsea €1.80m
50%
Arrivals England CM 31 Paul McKenna 09/10 Preston North End €1.00m
50%
Arrivals Netherlands ST 27 Pierre van Hooijdonk 96/97 Celtic €6.00m
50%
Departures Netherlands ST 29 Pierre van Hooijdonk 98/99 Vitesse €4.73m
50%
Arrivals Wales ST 27 Robert Earnshaw 08/09 Derby County €3.40m
50%
Arrivals Scotland CB 23 Scott McKenna 20/21 Aberdeen €3.27m
50%
Arrivals Portugal CB 24 Tobias Figueiredo 18/19 Sporting CP €2.30m
50%
Departures Jamaica CB 28 Wes Morgan 11/12 Leicester City €1.13m
50%
Departures Ireland CM 22 Andy Reid 04/05 Tottenham Hotspur €8.00m
25%
Arrivals Ireland ST 21 David McGoldrick 09/10 Southampton €1.88m
25%
Departures England CM 21 David Prutton 02/03 Southampton €3.75m
25%
Arrivals Algeria RW 27 Djamel Abdoun 13/14 Olympiacos €2.20m
25%
Arrivals Scotland ST 24 Dougie Freedman 98/99 Wolverhampton Wanderers €1.10m
25%
Departures England ST 24 Garry Birtles 80/81 Manchester United €1.50m
25%
Arrivals England ST 20 Ian Thomas-Moore 96/97 Tranmere Rovers €1.50m
25%
Departures England ST 21 Ian Thomas-Moore 98/99 Stockport County €1.20m
25%
Arrivals England ST 24 Ishmael Miller 11/12 West Bromwich Albion €1.35m
25%
Departures England RB 24 James Perch 10/11 Newcastle United €1.20m
25%
Arrivals Scotland ST 27 Jamie Mackie 13/14 Queens Park Rangers €1.15m
25%
Departures England CM 18 Jermaine Jenas 01/02 Newcastle United €7.50m
25%
Arrivals England ST 20 Joe Garner 08/09 Carlisle United €1.62m
25%
Departures Ghana ST 28 Junior Agogo 08/09 Zamalek €1.20m
25%
Arrivals England CB 27 Kelvin Wilson 13/14 Celtic €2.90m
25%
Arrivals England ST 23 Nathan Tyson 05/06 Wycombe Wanderers €1.00m
25%
Departures England CM 25 Neil Webb 89/90 Manchester United €1.70m
25%
Arrivals Poland AM 23 Radosław Majewski 10/11 Polonia Warsaw €1.50m
25%
Arrivals Algeria ST 29 Rafik Djebbour 13/14 Olympiacos €1.50m
25%
Arrivals Ireland ST 25 Simon Cox 12/13 West Bromwich Albion €2.50m
25%
Departures England RM 27 Steve Stone 98/99 Aston Villa €8.00m
25%
Arrivals England ST 25 Teddy Sheringham 91/92 Millwall €1.65m
25%
Departures England ST 26 Teddy Sheringham 92/93 Tottenham Hotspur €3.15m
25%
Departures England ST 23 Tony Woodcock 79/80 Köln €1.25m
25%
Arrivals England ST 24 Trevor Francis 78/79 Birmingham City €1.05m
25%
Departures England ST 27 Trevor Francis 81/82 Manchester City €1.30m
25%
Arrivals England LB 20 Alan Rogers 97/98 Tranmere Rovers €3.00m
0%
Arrivals England CB 21 Carl Tiler 90/91 Barnsley €1.75m
0%
Arrivals England DM 33 Carlton Palmer 98/99 Southampton €1.35m
0%
Arrivals England LB 26 Colin Cooper 93/94 Millwall €2.55m
0%
Departures England LB 31 Colin Cooper 98/99 Middlesbrough €3.75m
0%
Departures England CB 23 Craig Armstrong 98/99 Huddersfield Town €1.13m
0%
Arrivals England ST 27 David Currie 89/90 Barnsley €1.04m
0%
Arrivals Wales ST 32 Dean Saunders 96/97 Galatasaray €1.70m
0%
Arrivals Italy CM 30 Gianluca Petrachi 99/00 Perugia €2.50m
0%
Arrivals Scotland ST 24 Ian Wallace 80/81 Coventry City €1.50m
0%
Arrivals Canada LB 22 Jim Brennan 99/00 Bristol City €2.25m
0%
Arrivals Jamaica ST 23 Marlon King 03/04 Gillingham €1.40m
0%
Arrivals England ST 23 Neil Shipperley 98/99 Crystal Palace €2.10m
0%
Departures England ST 24 Neil Shipperley 99/00 Barnsley €1.00m
0%
Departures England ST 22 Nigel Jemson 91/92 Sheffield Wednesday €1.00m
0%
Arrivals Scotland CM 19 Nigel Quashie 98/99 Queens Park Rangers €3.75m
0%
Arrivals England CB 24 Riccardo Scimeca 99/00 Aston Villa €4.50m
0%
Arrivals Italy CB 28 Salvatore Matrecano 99/00 Perugia €1.50m
0%
Arrivals Scotland ST 26 Scott Dobie 05/06 Millwall €1.00m
0%
Departures England CM 28 Steve Hodge 91/92 Leeds United €1.03m
0%
No matching quizzes found
Score Distribution
Percent of People with Each Score
Percentile by Number Answered
Your Score History
You have not taken this quiz since the last reset